The German ecotourism market

Αποθηκεύτηκε σε:
Λεπτομέρειες βιβλιογραφικής εγγραφής
Συλλογικό Έργο: World Tourism Organization Market Intelligence and Promotion Section Sustainable Development of Tourism Section, World Tourism Organization
Μορφή: Βιβλίο
Γλώσσα:English
Δημοσίευση: Madrid, Spain : World Tourism Organization, 2001
Σειρά:Special report (World Tourism Organization) ; 10
Θέματα:
Ετικέτες: Προσθήκη ετικέτας
Δεν υπάρχουν, Καταχωρήστε ετικέτα πρώτοι!

MARC

LEADER 00000cam a2200000 i 4500
001 1/84749
008 050905s2001 eng d
020 |a 92-844-0485-1 
035 |l 10080098 
040 |a GR-MY-UA  |b gre  |e aacr 
041 0 |a eng 
082 0 |a 338.479143  |2 (22) 
110 2 |a World Tourism Organization  |b Market Intelligence and Promotion Section  |b Sustainable Development of Tourism Section. 
245 1 4 |a The German ecotourism market /  |c World Tourism Organization. Market Intelligence and Promotion Section. Sustainabble Development of Tourism Section, Madrid, December 2001 
260 |a Madrid, Spain :   |b World Tourism Organization,   |c 2001 
300 |a 105 σ.;  |b εικ.;  |c 30 εκ. 
490 1 |a Special report (World Tourism Organization)  |v ; 10 
650 0 0 |a Ecotourism  |x Germany. 
710 2 |a World Tourism Organization. 
830 0 |a Special report (World Tourism Organization)  |v ; 10 
852 |a INST  |b CHIOS  |e 20050905  |h 338.479143 WOR  |p 005200024752  |q 005200024752  |t BK  |y 0 
901 |a BIBL2-2005-2 
909 |a Χ  |b 119522 
970 |a ΧΑΖΙΡΗ  |b ΑΝΝΑ  |z 2005/09/05